Quiz dos estados brasileiros - Sergipe - Statistics

Estatísticas Gerais
  • Esse quiz foi jogado 120 vezes
  • A pontuação média é 10 de 16
Estatísticas das Respostas
Dica Resposta % Correto
Capital Aracaju
99%
3 cidades mais populosas Aracaju
99%
Casal de cangaceiros mortos no estado Lampião
88%
Casal de cangaceiros mortos no estado Maria Bonita
85%
Principal rio do estado São Francisco
85%
Posição do estado na lista de estados por tamanho 27
82%
País que naufragou 3 embarcações civis no litoral do estado em 1942 causando quase 600 mortes Alemanha
63%
3 cidades mais populosas Lagarto
61%
Fruta cujo suco representa 33% das exportações do estado laranja
56%
3 cidades mais populosas Nossa Senhora do Socorro
52%
O estado é o segundo maior produtor nacional desse fruto proveniente de árvore costeira coco
50%
Pugilista campeão mundial na categoria peso-pesado Maguila
50%
Cânion na divisa com o Alagoas e a Bahia Xingó
45%
Maior festa festa pré-carnavalesca do país Pré-Caju
41%
Fruta típica do estado mangaba
36%
O estado é o maior produtor nacional desse minério potássio
9%
Nenhum quiz correspondente encontrado
Distribuição das Pontuações
Porcentagem de Pessoas com Cada Pontuação
Percentil de Números Respondidos
Sua Pontuação Histórica
Você não jogou esse quiz